000 01111nam a22002537a 4500
005 20090618121619.0
008 090617t xxu||||| |||| 00| 0 eng d
010 _aENG-94095
020 _c350.00
_a9788183482875
035 _aEN-77628
037 _bDBAD / VEN
040 _adpl
_bEnglish
082 _a630.76
100 _aKarhana, Pushpendra K.
245 _aAgriculture:
_bentrance examinaton for ARS, NET, SRF & JRF UPSC Administrative Service Examination, State Public Service Commission Examination & all competitive examination /
_cby Pushpendra K. Karhana
246 _aAgriculture science :
_ban enhanced textbook
260 _aMeerut
_bArihant Publications
_c2008
270 _aKalindi, TP Nagar,
_bMeerut
300 _aVarious pagings
_c25cm(pbk)
650 _aAgriculture science
_xExaminations, questions, etc.
942 _2ddc
_cEN
_mKAR
_h630.76
999 _c27591
_d27591